Tous les personnages de One Piece avec une prime - Statistiques

Statistiques générales
  • Ce quiz a été pris 140 fois
    62 depuis la dernière actualisation
  • Le résultat moyen est 127 sur 276
Statistiques - réponses
Prime Affiliation Situation Personnage % Correct
5.046.000.000 Equipage de Barbe Blanche Inactive Edward Newgate
97%
5.564.800.000 Equipage des pirates de Roger Inactive Gol D. Roger
97%
3.996.000.000 Equipage de Barbe Noire Active Marshall D. Teach
97%
4.048.900.000 Equipage du Roux Active Shanks
97%
4.388.000.000 Equipage de Big Mom Active Charlotte Linlin
95%
3.000.000.000 Equipage de Kid Active Eustass Kid
95%
4.611.100.000 Equipage aux Cent Bêtes Active Kaido
95%
3.000.000.000 Marine Active Monkey D. Garp
95%
3.000.000.000 Equipage du Chapeau de Paille Active Monkey D. Luffy
95%
3.000.000.000 Equipage du Heart Active Trafalgar D. Water Law
95%
3.189.000.000 Cross Guild Active Baggy
92%
1.965.000.000 Cross Guild Active Crocodile
92%
3.590.000.000 Cross Guild Active Dracule Mihawk
92%
5.000.000.000 Marine Active Akainu
90%
1.659.000.000 Equipage des pirates Kujas Active Boa Hancock
90%
1.374.000.000 Equipage de Barbe Blanche Active Marco
90%
930.000.000 Equipage du Chapeau de Paille Active Nico Robin
90%
1.111.000.000 Equipage du Chapeau de Paille Active Roronoa Zoro
90%
1.032.000.000 Equipage du Chapeau de Paille Active Vinsmoke Sanji
90%
1.390.000.000 Equipage aux Cent Bêtes Active Alber
87%
1.800.000.000 Géant d'Elbaph Active Brogy
87%
1.057.000.000 Equipage de Big Mom Active Charlotte Katakuri
87%
1.800.000.000 Géant d'Elbaph Active Dorry
87%
1.100.000.000 Equipage du Chapeau de Paille Active Jinbe
87%
3.000.000.000 Marine Active Kizaru
87%
602.000.000 Armée Révolutionnaire Active Sabo
87%
3.000.000.000 Marine Active Fujitora
85%
500.000.000 Equipage du Chapeau de Paille Active God Usopp
85%
1.000.000.000 Equipage aux Cent Bêtes Active Jack
85%
2.600.000.000 Géant d'Elbaph Active Loki
85%
Prime Inconnue Equipage du Roux Active Lucky Roo
85%
366.000.000 Equipage du Chapeau de Paille Active Nami
85%
1.320.000.000 Equipage aux Cent Bêtes Active Queen
85%
350.000.000 Equipage du Firetank Active Capone Bege
82%
340.000.000 Don Quichotte Family Inactive Don Quichotte Doflamingo
82%
550.000.000 Equipage de Barbe Blanche Inactive Portgas D. Ace
82%
296.000.000 Armée Révolutionnaire (anciennement), Shichibukai (anciennement) Active Bartholomew Kuma
79%
700.000.000 Equipage de Big Mom Active Charlotte Perospero
79%
932.000.000 Equipage de Big Mom Active Charlotte Smoothie
79%
394.000.000 Equipage du Chapeau de Paille Active Franky
79%
Prime Inconnue Allié de Barbe Blanche Active A.O
77%
320.000.000 Equipage de Hawkins Active Basil Hawkins
77%
32.000.000 Baroque Works Inactive Bentham
77%
480.000.000 Equipage aux Cent Bêtes Active Black Maria
77%
860.000.000 Equipage de Big Mom Active Charlotte Cracker
77%
320.000.000 Thriller Bark Active Gecko Moria
77%
320.000.000 Equipage de Bonney Active Jewelry Bonney
77%
200.000.000 Equipage de Kid Active Killer
77%
1000 Equipage du Chapeau de Paille Active Tony Tony Chopper
77%
20.000.000 Equipage d'Arlong Inactive Arlong
74%
200.000.000 Equipage de Bartolomeo Active Bartolomeo
74%
383.000.000 Equipage du Chapeau de Paille Active Brook
74%
300.000.000 Equipage de Big Mom Active Charlotte Oven
74%
24.000.000 Cross Guild Active Galdino
74%
500.000.000 Marine Active Koby
74%
3.000.000.000 Marine Active Ryokugyu
74%
350.000.000 Equipage du On-Air Active Scratchmen Apoo
74%
222.000.000 Equipage de Drake Active X Drake
74%
330.000.000 Equipage des Magnifiques Pirates Active Cavendish
72%
75.000.000 Cross Guild Active Daz Bonez
72%
17.000.000 Armada de Don Krieg Active Don Krieg
72%
5.000.000 Cross Guild Active Alvida
69%
3.200.000 Baroque Works Active Babe
69%
1500 Equipage du Heart Active Bepo
69%
210.000.000 Equipage des Pirates de Caribou Active Caribou
69%
480.000.000 Ancien Shichibukai Active Edward Weevil
69%
24.000.000 Equipage de Foxy Active Foxy
69%
Prime Inconnue Equipage de Barbe Blanche Active Joz
69%
16.000.000 Equipage du Chat Noir Active Kuro
69%
472.000.000 Equipage aux Cent Bêtes Active Sasaki
69%
108.000.000 Equipage des Moines Dépravés Active Urouge
69%
546.000.000 Equipage aux Cent Bêtes Active Who's Who
69%
Au moins 100.000.000 Armée Révolutionnaire, Impel Down (anciennement) Active Emporio Ivankov
67%
10.000.000 Baroque Works Active Gem
67%
Prime Inconnue Armée Révolutionnaire Active Monkey D. Dragon
67%
8.000.000 Equipage d'Arlong Active Octy
67%
290.000.000 Equipage aux Cent Bêtes Active Page One
67%
99.000.000 Don Quichotte Family Inactive Trébol
67%
400.000.000 Equipage aux Cent Bêtes Active Ulti
67%
20.000.000 (au moins) Equipage de Barbe Noire Active Jesus Burgess
64%
330.000.000 Equipage de Big Mom Active Pekoms
64%
58.000.000 Don Quichotte Family Inactive Señor Pink
64%
300.000.000 Don Quichotte Family Active César Clown
62%
300.000.000 Equipage de Big Mom Active Charlotte Daifuku
62%
99.000.000 Don Quichotte Family Inactive Diamante
62%
12.000.000 Armada de Don Krieg Active Gin
62%
99.000.000 Don Quichotte Family Inactive Pica
62%
64.000.000 (au moins) Equipage de Barbe Noire Active Van Augur
62%
Prime Inconnue Equipage de Barbe Blanche Active Vista
62%
457.000.000 Armée Révolutionnaire Active Belo Betty
59%
Prime Inconnue Equipage du Roux Active Ben Beckmann
59%
230.000.000 Equipage des Pirates du Soleil Inactive Fisher Tiger
59%
Au moins 100.000.000 Armée Révolutionnaire, Impel Down (anciennement) Active Inazuma
59%
510.000.000 Equipage de Barbe Blanche Inactive Izo
59%
7.500.000 Baroque Works Active Mikita
59%
20.000.000 Yeti Cool Brothers Active Rock
59%
Prime Inconnue Equipage des pirates de Roger Active Silvers Rayleigh
59%
35.000.000 Baroque Works Active Zala
59%
80.060.000 Pirates de Punk Hazard Inactive Barbe Brune
56%
40.000.000 Equipage des pirates Kujas Active Boa Sandersonia
56%
72.000.000 (au moins) Equipage de Barbe Noire Active Doc Q
56%
Prime Inconnue Armée Révolutionnaire Active Koala
56%
42.000.000 (au moins) Equipage de Barbe Noire Active Laffitte
56%
61.000.000 Don Quichotte Family Inactive Lao G
56%
293.000.000 Armée Révolutionnaire Active Morley
56%
79.000.000 Ohara Inactive Nico Olvia
56%
14.300.000 Equipage de Bluejam Inconnu Bluejam
54%
40.000.000 Equipage des pirates Kujas Active Boa Marigold
54%
Au moins 100.000.000 Equipage de Barbe Noire Active Catarina Devon
54%
120.000.000 Equipage de Big Mom Active Charlotte Mont d'Or
54%
190.000.000 Equipage des Pirates de Caribou Active Coribou
54%
14.000.000 Baroque Works Active Drophy
54%
400.000.000 Armée Révolutionnaire Active Karasu
54%
210.000.000 Flotte de Happou Active Sai
54%
60.000.000 Equipage du Cook Active Zeff
54%
195.000.000 Equipage du New Age Active Bellamy
51%
Prime Inconnue Equipage de Big Mom Active Charlotte Amande
51%
600.000.000 Equipage de Big Mom Active Charlotte Snack
51%
542.000.000 Flotte de Happou Active Chinjao
51%
15.000.000 Don Quichotte Family Inactive Dellinger
51%
26.000.000 Faux Equipage du Chpeau de Paille Inactive Demalo Black
51%
316.000.000 Armée Révolutionnaire Active Lindbergh
51%
550.000.000 Allié de Barbe Blanche Active Little Oz Jr.
51%
29.000.000 Baroque Works Active Marianne
51%
Prime Inconnue Daimyo de Kuri du pays de Wa Inactive Oden Kozuki
51%
382.000.000 Pirate de Nox Active Pedro
51%
94.000.000 Equipage du Roux Active Rockstar
51%
Au moins 100.000.000 Equipage du Lion d'Or, Equipage des Rocks (anciennement) Ne sais pas Shiki
51%
429.000.000 Equipage de Big Mom Active Tamago
51%
Prime Inconnue Equipage du Roux Active Yasopp
51%
7.800.000 Brigands des Montagnes Active Curly Dadan
49%
31.000.000 Don Quichotte Family Inactive Gladius
49%
Prime Inconnue Grande Flotte du Chapeau de Paille Active Hajrudin
49%
8.000.000 Brigand Inactive Higuma
49%
9.000.000 Equipage du Chat Noir (anciennement) Inactive Jango
49%
11.000.000 Don Quichotte Family Inactive Machvise
49%
Prime Inconnue Equipage des Rocks Inactive Rocks D. Xebec
49%
Prime Inconnue Equipage de Barbe Noire Active Shilliew
49%
5.500.000 Equipage d'Arlong Inactive Smack
49%
Au moins 100.000.000 Equipage de Barbe Noire Active Vasco Shot
49%
9.000.000 Equipage d'Arlong Inactive Kuroobi
46%
148.000.000 Flotte Yonta Maria Active Orlumbus
46%
95.000.000 Equipage du Firetank Active Vito
46%
52.000.000 Equipage de Barbe Noire Inactive Barbe Rose
44%
Prime Inconnue Equipage des pirates de Roger Active Crocus
44%
Prime Inconnue Armée Révolutionnaire Active Hack
44%
Prime Inconnue Equipage des Rocks Inactive John
44%
25.000.000 Ligue des Primates Active Mont Blanc Cricket
44%
Prime Inconnue Cross Guild Active Morge
44%
3.333.333 Personnage blague Active Pandaman
44%
42.000.000 Equipage des Pirates de Roshio Inactive Roshio
44%
Au moins 100.000.000 Equipage de Barbe Noire Active Sanjuan Wolf
44%
7.000.000 Equipage du Chat Noir Active Sham
44%
Prime Inconnue Roi du royaume de Black Drum Inactive Wapol
44%
Au moins 100.000.000 Equipage de Barbe Noire Active Avalo Pizarro
41%
Prime Inconnue Equipage des Rocks Active Buckingham Stussy
41%
Prime Inconnue Citoyenne de Kuja, Equipage des Rocks (anciennement) Active Gloriosa
41%
23.000.000 Ligue des Primates Active Masira
41%
Prime Inconnue Equipage du Heart Active Penguin
41%
3.400.000 Equipage de Bluejam Inconnu Porchemy
41%
20.000.000 Yeti Cool Brothers Active Scotch
41%
36.000.000 Ligue des Primates Active Shojo
41%
Prime Inconnue Equipage des Pirates du Soleil Active Aladdin
38%
7.000.000 Equipage du Chat Noir Active Buchi
38%
24.000.000 Equipage du Rolling Active Charlotte Laura
38%
73.000.000 Equipage des pirates de Gyro Active Gyro
38%
Prime Inconnue Equipage du Roux Active Howling Gab
38%
Prime Inconnue Equipage des pirates de Roger Ne sais pas Scopper Gaban
38%
210.000.000 Allié de Barbe Blanche Active Squard
38%
Prime Inconnue Equipage de Kid Active Heat
36%
Prime Inconnue Equipage de Big Mom, Equipage des Rocks (anciennement) Active Streusen
36%
Prime Inconnue Equipage de Barbe Blanche Active Blamenco
33%
105.500.000 Equipage de Big Mom Active Bobbin
33%
Prime Inconnue Equipage de Barbe Blanche Active Namur
33%
75.000.000 Equipage de Raccoon Inconnu Raccoon
33%
38.000.000 Equipage du New Age Inconnu Sarquiss
33%
500.000.000 Marine Inactive T-Bone
33%
Prime Inconnue Allié de Barbe Blanche Active Whitey Bay
33%
90.000.000 Equipage du Firetank Active Gotti
31%
Au moins 100.000.000 Equipage du Heart Active Jean Bart
31%
Prime Inconnue Jouet criminel de Dressrosa Inactive Kyros (Jouet)
31%
Prime Inconnue Equipage des pirates Kujas (anciennement) Active Shakuyaku
31%
67.000.000 Equipage des Magnifiques Pirates Active Suleiman
31%
36.000.000 Assassin du royaume de Mogaro Active Bobby Funk
28%
67.000.000 Equipage de Bartolomeo Active Gambia
28%
190.000.000 Armée Révolutionnaire (anciennement) Inactive Ginney
28%
Prime Inconnue Equipage de Barbe Blanche (anciennement) Inactive Thatch
28%
Prime Inconnue Allié de Barbe Blanche Active Epoida
26%
Prime Inconnue Allié de Barbe Blanche Active Frères Decalvan
26%
57.000.000 Assassin du royaume de Mogaro Active Kelly Funk
26%
Prime Inconnue Equipage du Roux Active Limejuice
26%
88.000.000 Faux Equipage du Chpeau de Paille (anciennement) Inactive Lip Doughty
26%
Prime Inconnue Equipage de Kid Active Wire
26%
92.000.000 Faux Equipage du Chpeau de Paille (anciennement) Inactive Albion
23%
Au moins 100.000.000 Antagoniste principal du film One Piece Stampede Active Douglas Bullet
23%
Prime Inconnue Equipage du Heart Active Shachi
23%
Prime Inconnue Equipage de Barbe Blanche Active Curiel
21%
Prime Inconnue Equipage des Rocks Ne sais pas Hache d'Argent
21%
Prime Inconnue Allié de Barbe Blanche Active Mc Guy
21%
Prime Inconnue Equipage des Pirates Rumbar Inactive Yorki
21%
Prime Inconnue Equipage de Barbe Blanche Active Atmos
18%
60.000.000 Equipage des Akumates Active Devil Dias
18%
Prime Inconnue Equipage de Barbe Blanche Active Rakuyo
18%
Prime Inconnue Pirate de l'île des Hommes-Poissons Active Vander Decken IX
18%
Prime Inconnue Allié de Barbe Blanche Active Andre
15%
Prime Inconnue Equipage du Roux Active Bonk Punch
15%
Prime Inconnue Equipage de Big Mom Active Charlotte Décuplés
15%
Prime Inconnue Shichibukai (anciennement) Ne sais pas Hanafuda
15%
Prime Inconnue Equipage de Barbe Blanche Active Haruta
15%
Prime Inconnue Equipage de Barbe Blanche Active Kingdew
15%
Prime Inconnue Allié de Barbe Blanche Active Agsilly
13%
Prime Inconnue Allié de Barbe Blanche Inactive Amadob
13%
Prime Inconnue Allié de Barbe Blanche Active Arthur
13%
Prime Inconnue Allié de Barbe Blanche Active Baggaley
13%
Prime Inconnue Allié de Barbe Blanche Active Bizarre
13%
Prime Inconnue Equipage de Barbe Blanche Active Blenheim
13%
Prime Inconnue Allié de Barbe Blanche Active Blondie
13%
Prime Inconnue Allié de Barbe Blanche Active Brew
13%
Prime Inconnue Allié de Barbe Blanche Active Brocca
13%
Prime Inconnue Equipage du Roux Active Building Snake
13%
Prime Inconnue Allié de Barbe Blanche Active Cands
13%
Prime Inconnue Allié de Barbe Blanche Active Choï
13%
Prime Inconnue Allié de Barbe Blanche Active Colscon
13%
Prime Inconnue Allié de Barbe Blanche Active Delacuaji
13%
Prime Inconnue Allié de Barbe Blanche Active Doma
13%
Prime Inconnue Allié de Barbe Blanche Active Elmy
13%
Prime Inconnue Allié de Barbe Blanche Active Forliewbs
13%
Prime Inconnue Equipage de Barbe Blanche Active Fossa
13%
Prime Inconnue Allié de Barbe Blanche Active Great Michael
13%
Prime Inconnue Allié de Barbe Blanche Active Hangan
13%
Prime Inconnue Allié de Barbe Blanche Active Happygun
13%
Prime Inconnue Allié de Barbe Blanche Active Islewan
13%
Prime Inconnue Equipage de Barbe Blanche Active Julius
13%
Prime Inconnue Allié de Barbe Blanche Active Karma
13%
Prime Inconnue Allié de Barbe Blanche Active Kechatch
13%
Prime Inconnue Allié de Barbe Blanche Active Kinga
13%
17.000.000 Capitaine pirate devenu esclave Active Lacuba
13%
36.000.000 Equipage des Gros Casques Active Mikazuki
13%
Prime Inconnue Allié de Barbe Blanche Active Ninth
13%
Prime Inconnue Allié de Barbe Blanche Active Nosgarl
13%
Prime Inconnue Equipage des Rocks Ne sais pas Ochoku
13%
Prime Inconnue Allié de Barbe Blanche Active Palms
13%
Prime Inconnue Allié de Barbe Blanche Active Pavlik
13%
Prime Inconnue Allié de Barbe Blanche Active Ramba
13%
Prime Inconnue Allié de Barbe Blanche Active Rush
13%
Prime Inconnue Allié de Barbe Blanche Active Sleepy
13%
Prime Inconnue Allié de Barbe Blanche Active Vitan
13%
Prime Inconnue Allié de Barbe Blanche Active Wallem
13%
10.000.000 Capitaine pirate du Flashback de Law Active Wellington
13%
Prime Inconnue Allié de Barbe Blanche Active Zodia
13%
Prime Inconnue Allié de Barbe Blanche Active Zucca
13%
Entre 16.000.000 à 30.999.999 Impel Down Inactive An Zengaiina
10%
Prime Inconnue Impel Down Inactive Bellett
10%
Prime Inconnue Impel Down Inactive François
10%
Au moins 100.000.000 Impel Down Inactive George Black
10%
Entre 0 à 15.999.999 Impel Down Inactive Jean Goen
10%
Au moins 100.000.000 Cross Guild, Impel Down (anciennement) Active Kinoko
10%
Prime Inconnue Equipage des Spade Ne sais pas Masked Deuce
10%
Au moins 100.000.000 Impel Down Inactive Roche Tomson
10%
Prime Inconnue Impel Down Inactive Tsunokov
10%
Prime Inconnue Impel Down Inactive Usakov
10%
Au moins 1.000.000 Equipage aux Cent Bêtes Active Batman
8%
3.000.000 Pirate d'East Blue Inactive Billy
8%
Prime Inconnue Equipage de Big Mom Active Charlotte Prim
8%
+100.000.000 Impel Down Inactive Dobby Ibadonbo
8%
+100.000.000 Impel Down Inactive Doha Ittanka II
8%
Prime Inconnue Equipage aux Cent Bêtes Ne sais sas Gin Rummy
8%
Prime Inconnue Equipage du Roux Active Hongo
8%
Au moins 100.000.000 Impel Down Inactive Kairo Kureyo
8%
Prime Inconnue Impel Down Inactive Pankuta Dakeyan
8%
Prime Inconnue Allié de Barbe Blanche Active Reforte
8%
Prime Inconnue Equipage de Barbe Blanche Active Speed Jiru
8%
Prime Inconnue Impératrice d'Amazon Lily (anciennement) Inactive Tritoma
8%
Prime Inconnue Flashback de Yosaku et Johnny Active Dareda
5%
Prime Inconnue Flashback de Yosaku et Johnny Inactive Dontacos
5%
3.450.000 Pirate d'East Blue Active Gally
5%
Aucun quiz correspondant
Distribution des résultats
% des personnes avec chaque résultat
Percentile par nombre de réponses
Votre historique - résultats
Vous n’avez pas pris ce quiz depuis la dernière actualisation